The best of Elton Trueblood; an anthology. (Record no. 16510)

000 -LEADER
fixed length control field 00502nam a2200169 a 4500
001 - CONTROL NUMBER
control field :::00019473$&:&@@
003 - CONTROL NUMBER IDENTIFIER
control field OkBaRHE
005 - DATE AND TIME OF LATEST TRANSACTION
control field 20010411114113.0
008 - FIXED-LENGTH DATA ELEMENTS--GENERAL INFORMATION
fixed length control field j 000 0 eng u
040 ## - CATALOGING SOURCE
Transcribing agency
100 1# - MAIN ENTRY--PERSONAL NAME
Personal name Trueblood, Elton
245 14 - TITLE STATEMENT
Title The best of Elton Trueblood; an anthology.
260 ## - PUBLICATION, DISTRIBUTION, ETC. (IMPRINT)
Place of publication, distribution, etc Nashville, Tennessee
Name of publisher, distributor, etc Impact books
300 ## - PHYSICAL DESCRIPTION
Extent 205 p.
942 ## - ADDED ENTRY ELEMENTS (KOHA)
Source of classification or shelving scheme
Koha item type Books
Copies
Not for loan Source of classification or shelving scheme Withdrawn status Date acquired Shelving location Damaged status Price effective from Permanent Location Koha item type Copy number Lost status Barcode Date last seen Full call number
   2010-04-14General Stacks 2010-04-14RHEMA Bible Training CollegeBooks1 194732010-04-14BV 4501.2 .T74